Southville International School and Colleges
Your cart is empty.
  • Cart
  • Lists
    Public lists Eva Luna New books Lux_list list_1
    Your lists Log in to create your own lists
  • Log in to your account
  • Your cookies
  • Search history
Southville International School and Colleges
  • Advanced search
  • Recent comments
  • Most popular
  • Libraries

Log in to your account

Log in with GOOGLE


If you do not have an external account, but do have a local account, you can still log in:

  1. Home
  2. MARC view: Trevor:
Normal view MARC view ISBD view

Trevor: (Record no. 111840)

[ view plain ]
MARC details
000 -LEADER
fixed length control field 00485nam a2200181 a 4500
001 - CONTROL NUMBER
control field 3831
005 - DATE AND TIME OF LATEST TRANSACTION
control field 20140414131923.0
008 - FIXED-LENGTH DATA ELEMENTS--GENERAL INFORMATION
fixed length control field 061021s19uu xx 00 eng d
020 ## - INTERNATIONAL STANDARD BOOK NUMBER
International Standard Book Number 9781858300184
050 ## - LIBRARY OF CONGRESS CALL NUMBER
Classification number ER
Item number Tr812 1997
245 ## - TITLE STATEMENT
Title Trevor:
Remainder of title the steam train.
260 ## - PUBLICATION, DISTRIBUTION, ETC. (IMPRINT)
Place of publication, distribution, etc London :
Name of publisher, distributor, etc Grandreams Limited,
Date of publication, distribution, etc 1997.
300 ## - PHYSICAL DESCRIPTION
Extent unpg.
520 ## - SUMMARY, ETC.
Summary, etc An outrages story containing over 20 homonyms.
650 ## - SUBJECT ADDED ENTRY--TOPICAL TERM
Topical term or geographic name as entry element Train-
General subdivision fiction
650 ## - SUBJECT ADDED ENTRY--TOPICAL TERM
Topical term or geographic name as entry element Children stories.
Holdings
Withdrawn status Lost status Damaged status Use restrictions Home library Current library Shelving location Date acquired Source of acquisition Total Checkouts Full call number Barcode Date last seen Price effective from Koha item type
        Munich Library Munich Library Easy Reading Section 10/21/2006     ER Tr812 1997 M2743 04/14/2014 04/14/2014 Books

Trevor:

APA

(1997). Trevor. London: Grandreams Limited.

Chicago

1997. Trevor. London: Grandreams Limited.

Harvard

(1997). Trevor. London: Grandreams Limited.

MLA

Trevor. London: Grandreams Limited. 1997.

  • Place hold
  • Print
  • Cite
  • Add to your cart (remove)
  • Save record
    BIBTEX Dublin Core MARCXML MARC (non-Unicode/MARC-8) MARC (Unicode/UTF-8) MARC (Unicode/UTF-8, Standard) MODS (XML) RIS
  • More searches
    Search for this title in:
    Other Libraries (WorldCat) Other Databases (Google Scholar) Online Stores (Bookfinder.com) Open Library (openlibrary.org)

Exporting to Dublin Core...

SOUTHVILLE LIBRARY

Southville International School and Colleges Library

1281 Tropical Ave. Cor. Luxembourg St., BF Homes International, Las Pinas City

Tel. No. 8256374 / 252358 Loc. 117/146

Powered by Koha